| 000 | 00504nam a2200145Ia 4500 | ||
|---|---|---|---|
| 008 | 140724s9999 xx 000 0 und d | ||
| 050 |
_aTK 7867 _b.D125 2012 |
||
| 100 | _aDagdag, Cyrill Adriane T. | ||
| 245 |
_aElectronic logbook for NXP Semiconductor Inc. Cabuyao / _cCyrill Adriane T. Dagdag. |
||
| 260 |
_aLas PiƱas, Philippines : _bSouthville International School and Colleges, _cc2012. |
||
| 300 |
_a30 p. : _bill. ; _c28 cm. |
||
| 521 | _aInformation Technology | ||
| 942 | _cTH | ||
| 999 |
_c229105 _d229105 |
||